| 000 | 00626nam a2200217Ia 4500 | ||
|---|---|---|---|
| 003 | BUBTL | ||
| 008 | 151213s9999 xx 000 0 und d | ||
| 020 | _a0-256-11654-7 | ||
| 082 | _a658.4052/LEN | ||
| 100 |
_aLewicki, Roy J. Others _92731 |
||
| 245 |
_aNegotiation :Reading Exercises & Cases _cRoy J.Lewicki Others |
||
| 250 | _a2nd | ||
| 260 |
_aBur Ridge Imisois _bIrwin _c1993 |
||
| 300 |
_a272p.: _b27cm. _cMarketing |
||
| 650 |
_aMarketing _92732 |
||
| 650 |
_aMarketing _92733 |
||
| 700 |
_aRoy J.Lewicki Others _92734 |
||
| 856 |
_k0 _l0 _yDownload |
||
| 942 |
_2ddc _cBK |
||
| 999 |
_c1945 _d1945 |
||